000 nam a22 a 4500
999 _c3565
_d3565
003 AKMAL
005 20170523111946.0
008 170523s1986 -uk d 00 eng d
020 _c£15.00 : CIP entry (Apr.)
040 _aAKMAL
_cAKMAL
082 0 4 _a658.4563 JAN
_219
090 _a658.4563
_bJAN
100 1 _aJanner, Greville,
_d1928-
_97097
245 1 0 _aJanner on meetings /
_cGreville Janner
260 _aAldershot, Hants,
_cGower,
_c1986
300 0 0 _a172p. ;
_c23cm
650 0 _aMeetings
_97058
690 0 0 _z11030
_ameetings
_z21030
_aorganisation
_z60030
_amanuals
_97098
691 0 0 _a0253081
_97099
942 _2ddc
_cBOOK